I congreso nacional sobre medicamentos : (Registro nro. 26401)
[ vista simple ]
| 000 -CABECERA | |
|---|---|
| campo de control de longitud fija | 00681nam a2200181 a 4500 |
| 001 - NÚMERO DE CONTROL | |
| campo de control | 000026909 |
| 005 - FECHA Y HORA DE LA ÚLTIMA TRANSACCIÓN | |
| campo de control | 20200930030502.0 |
| 008 - DATOS DE LONGITUD FIJA--INFORMACIÓN GENERAL | |
| campo de control de longitud fija | 110328s1989 dr a 000 0 spa d |
| 040 ## - FUENTE DE LA CATALOGACIÓN | |
| Centro catalogador/agencia de origen | DO-SdBNP |
| Lengua de catalogación | spa |
| Centro/agencia transcriptor | BNPHU |
| 082 ## - NÚMERO DE LA CLASIFICACIÓN DECIMAL DEWEY | |
| Número de clasificación | xxxx |
| Número de documento/Ítem | C749n |
| 049 ## - FONDOS LOCALES (OCLC) | |
| Fondos de biblioteca | BNPD |
| 111 2# - ENTRADA PRINCIPAL--NOMBRE DE CONGRESO/REUNIÓN | |
| Nombre de congreso/reunión o jurisdicción como elemento de entrada | Congreso nacional sobre medicamentos |
| Número del congreso/reunión o número de parte o sección | (1 : |
| Fecha del congreso/reunión | 1989 ago. 9-11 : |
| Sede del congreso/Lugar de la reunión | Santo Domingo ) |
| 9 (RLIN) | 54017 |
| 245 10 - MENCIÓN DE TÍTULO | |
| Título | I congreso nacional sobre medicamentos : |
| Resto del título | investigación, fabricación y calidad. |
| 246 12 - FORMA VARIANTE DE TÍTULO | |
| Título propio/Titulo breve | Primer congreso Nacional sobre medicamentos |
| 260 ## - PUBLICACIÓN, DISTRIBUCIÓN, ETC. | |
| Lugar de publicación, distribución, etc. | Santo Domingo : |
| Nombre del editor, distribuidor, etc. | ARAPF, |
| Fecha de publicación, distribución, etc. | 1989. |
| 300 ## - DESCRIPCIÓN FÍSICA | |
| Extensión | 56 p. : |
| Otras características físicas | il. ; |
| Dimensiones | 28 cm. |
| 710 1# - PUNTO DE ACCESO ADICIONAL--NOMBRE DE ENTIDAD CORPORATIVA | |
| Nombre de entidad corporativa o nombre de jurisdicción como elemento de entrada | Asociación de Representantes, Agentes y Productores Farmacéuticos |
| 9 (RLIN) | 54018 |
| Estado de retiro | Estado de pérdida | No para préstamo | Código de colección | Localización permanente | Ubicación/localización actual | Ubicación en estantería | Fecha de adquisición | Número de inventario | Total de préstamos | Signatura topográfica completa | Código de barras | Fecha visto por última vez | Precio válido a partir de | Tipo de ítem Koha | Número de copia |
|---|---|---|---|---|---|---|---|---|---|---|---|---|---|---|---|
| Excluido de préstamo | Patrimonio Dominicano | Patrimonio Dominicano | Patrimonio Dominicano | En catalogación | 28.03.2011 | LF1 | xxxx C749n | 26909-10 | 25.06.2020 | 25.06.2020 | Libro y Folleto Colección Patrimonio Dominicano | ||||
| Excluido de préstamo | Patrimonio Dominicano | Patrimonio Dominicano | Patrimonio Dominicano | En catalogación | 05.04.2011 | LF1 | xxxx C749n | 26909-20 | 25.06.2020 | 25.06.2020 | Libro y Folleto Colección Patrimonio Dominicano | e. 2, extraviado |
